00852 2200229 4500001002100000005001500021035002000036001002100056005001500077035002000092245005700112100001500169250001700184300002800201260003900229082001000268084001600278020002200294650001700316520024800333008004100581INLIS00000000000034720240604020629 a0010-0624000056INLIS00000000000034620240604013135 a0010-06240000551 aHuman Body Encyclopedia :bPanca Indra /cTri Rahayu0 aTri Rahayu acetakan ke-1 a56 hlm :bilus ;c21 cm aBekasi :bUranus Publishing,c2011 a611.8 a611.8 TRI h a978-602-863-737-4 4aEnsiklopedia aSeri Human Body Encyclopedia merupakan seri pengeta- huan yang membahas tentang fakta-fakta menakjubkan pada tubuh kita. Berisi tentang penjelasan bagian-bagian dan organ tubuhmu. Betapa tubuh kita merupakan sebuah keajaiban yang sangat besar.240604 0